| 000 | 00795nam a2200193 a 4500 | ||
|---|---|---|---|
| 001 | 000031056 | ||
| 005 | 20200930062657.0 | ||
| 008 | 110613s2009 dr ac 000 0 spa d | ||
| 040 |
_aDO-SdBNP _bspa _cBNPHU |
||
| 082 |
_axxxx _bR434 |
||
| 245 | 0 | 0 |
_aRespuesta humanitaria de Oxfam Internacional a poblaciones afectadas por las tormentas Noel y Olga en la República Dominicana : _brendición de cuenta. |
| 260 |
_aSanto Domingo : _bOxfam Internacional, _c[2009?]. |
||
| 300 |
_a30 p. : _bil., retrs. |
||
| 710 | 2 |
_aDireción General de Ayuda de la Comunidad Europea _957536 |
|
| 710 | 2 |
_aEmbajada de la República Federal de Alemania Santo Domingo _957537 |
|
| 710 | 2 |
_aGeneralitat Valenciana _957538 |
|
| 710 | 2 |
_aAgencia Canadiense de Cooperación Internacional (CIDA) _957539 |
|
| 049 | _aBNDP | ||
| 999 |
_c30548 _d30548 |
||